<?xml version="1.0" encoding="UTF-8"?>
<marc:record xmlns:marc="http://www.loc.gov/MARC21/slim" xmlns:xsi="http://www.w3.org/2001/XMLSchema-instance" xsi:schemaLocation="http://www.loc.gov/MARC21/slim http://www.loc.gov/standards/marcxml/schema/MARC21slim.xsd">
  <marc:leader>03441nam  22005412  4500</marc:leader>
  <marc:controlfield tag="001">64ac7d98-d8bd-41e7-a661-bef4f090b439</marc:controlfield>
  <marc:controlfield tag="006">m     o  d        </marc:controlfield>
  <marc:controlfield tag="007">cr  n         </marc:controlfield>
  <marc:controlfield tag="008">260417t20242024        ob    000 0 eng d</marc:controlfield>
  <marc:datafield tag="010" ind1="\" ind2="\">
    <marc:subfield code="a">2024936120</marc:subfield>
  </marc:datafield>
  <marc:datafield tag="020" ind1="\" ind2="\">
    <marc:subfield code="z">9781685711429</marc:subfield>
    <marc:subfield code="q">(Paperback)</marc:subfield>
  </marc:datafield>
  <marc:datafield tag="020" ind1="\" ind2="\">
    <marc:subfield code="a">9781685711436</marc:subfield>
    <marc:subfield code="q">(PDF)</marc:subfield>
  </marc:datafield>
  <marc:datafield tag="024" ind1="7" ind2="\">
    <marc:subfield code="a">10.53288/0453.1.00</marc:subfield>
    <marc:subfield code="2">doi</marc:subfield>
  </marc:datafield>
  <marc:datafield tag="040" ind1="\" ind2="\">
    <marc:subfield code="a">UkCbTOM</marc:subfield>
    <marc:subfield code="b">eng</marc:subfield>
    <marc:subfield code="e">local</marc:subfield>
  </marc:datafield>
  <marc:datafield tag="072" ind1=" " ind2="7">
    <marc:subfield code="a">AFKC</marc:subfield>
    <marc:subfield code="2">bicssc</marc:subfield>
  </marc:datafield>
  <marc:datafield tag="072" ind1=" " ind2="7">
    <marc:subfield code="a">JFC</marc:subfield>
    <marc:subfield code="2">bicssc</marc:subfield>
  </marc:datafield>
  <marc:datafield tag="072" ind1=" " ind2="7">
    <marc:subfield code="a">PER011020</marc:subfield>
    <marc:subfield code="2">bisacsh</marc:subfield>
  </marc:datafield>
  <marc:datafield tag="072" ind1=" " ind2="7">
    <marc:subfield code="a">ART060000</marc:subfield>
    <marc:subfield code="2">bisacsh</marc:subfield>
  </marc:datafield>
  <marc:datafield tag="072" ind1=" " ind2="7">
    <marc:subfield code="a">AFKC</marc:subfield>
    <marc:subfield code="2">thema</marc:subfield>
  </marc:datafield>
  <marc:datafield tag="072" ind1=" " ind2="7">
    <marc:subfield code="a">JBCC3</marc:subfield>
    <marc:subfield code="2">thema</marc:subfield>
  </marc:datafield>
  <marc:datafield tag="072" ind1=" " ind2="7">
    <marc:subfield code="a">QRRT</marc:subfield>
    <marc:subfield code="2">thema</marc:subfield>
  </marc:datafield>
  <marc:datafield tag="100" ind1="1" ind2="\">
    <marc:subfield code="a">Gellar-Goad, T.H.M.,</marc:subfield>
    <marc:subfield code="e">author.</marc:subfield>
    <marc:subfield code="u">Wake Forest University.</marc:subfield>
    <marc:subfield code="0">(orcid)000000018266465X</marc:subfield>
    <marc:subfield code="1">https://orcid.org/0000-0001-8266-465X</marc:subfield>
  </marc:datafield>
  <marc:datafield tag="245" ind1="1" ind2="0">
    <marc:subfield code="a">Masks /</marc:subfield>
    <marc:subfield code="c">T.H.M. Gellar-Goad.</marc:subfield>
  </marc:datafield>
  <marc:datafield tag="264" ind1="\" ind2="1">
    <marc:subfield code="a">Earth, Milky Way :</marc:subfield>
    <marc:subfield code="b">punctum books,</marc:subfield>
    <marc:subfield code="c">2024.</marc:subfield>
  </marc:datafield>
  <marc:datafield tag="264" ind1="\" ind2="4">
    <marc:subfield code="c">©2024</marc:subfield>
  </marc:datafield>
  <marc:datafield tag="300" ind1="\" ind2="\">
    <marc:subfield code="a">1 online resource (228 pages).</marc:subfield>
  </marc:datafield>
  <marc:datafield tag="336" ind1="\" ind2="\">
    <marc:subfield code="a">text</marc:subfield>
    <marc:subfield code="b">txt</marc:subfield>
    <marc:subfield code="2">rdacontent</marc:subfield>
  </marc:datafield>
  <marc:datafield tag="337" ind1="\" ind2="\">
    <marc:subfield code="a">computer</marc:subfield>
    <marc:subfield code="b">c</marc:subfield>
    <marc:subfield code="2">rdamedia</marc:subfield>
  </marc:datafield>
  <marc:datafield tag="338" ind1="\" ind2="\">
    <marc:subfield code="a">online resource</marc:subfield>
    <marc:subfield code="b">cr</marc:subfield>
    <marc:subfield code="2">rdacarrier</marc:subfield>
  </marc:datafield>
  <marc:datafield tag="500" ind1="\" ind2="\">
    <marc:subfield code="a">Available through punctum books.</marc:subfield>
  </marc:datafield>
  <marc:datafield tag="506" ind1="0" ind2="\">
    <marc:subfield code="a">Open Access</marc:subfield>
    <marc:subfield code="f">Unrestricted online access</marc:subfield>
    <marc:subfield code="2">star</marc:subfield>
  </marc:datafield>
  <marc:datafield tag="520" ind1="\" ind2="\">
    <marc:subfield code="a">The mask is the classic disguise. But as alter ego, it reveals as much as it conceals. Why are masks so often creepy, even outside of horror movies? Can a mask change expression while you’re wearing it? How much of someone’s self can inhabit a mask? Why would anyone make a plaster cast of a dead person’s face? And, really, who was that masked man? Masks unmasks the answers to these frequently (m)asked questions and more.Masks are the materials for a world of make-believe, from the theater to Halloween, from masquerades to Scooby-Doo. Masks can take on magic or ritual powers. They can preserve and transmit memory. Masks are a makeover tool for appearance and identity, from spa treatments to drag to superheroes. What all these different functions have in common is the mask as physical metaphor, a mirror of the self and society. In another layer of metaphor, our words for ourselves as individuals (“person”) and for our self-presentation to society (“persona”) both derive directly from the Latin word for mask.Masks explores one of humanity’s oldest cultural objects, traveling from prehistoric remains to ancient Roman funeral processions to Mardi Gras to masked doppelgangers on stage and screen. Its examination of masks across time and the globe sheds new light on the totemic power masks have developed, especially during the COVID-19 pandemic.</marc:subfield>
  </marc:datafield>
  <marc:datafield tag="538" ind1="\" ind2="\">
    <marc:subfield code="a">Mode of access: World Wide Web.</marc:subfield>
  </marc:datafield>
  <marc:datafield tag="540" ind1="\" ind2="\">
    <marc:subfield code="a">The text of this book is licensed under a Creative Commons Attribution-NonCommercial-ShareAlike 4.0 International license (CC BY-NC-SA 4.0). For more detailed information consult the publisher's website.</marc:subfield>
    <marc:subfield code="u">https://creativecommons.org/licenses/by-nc-sa/4.0/</marc:subfield>
  </marc:datafield>
  <marc:datafield tag="588" ind1="0" ind2="\">
    <marc:subfield code="a">Metadata licensed under CC0 Public Domain Dedication.</marc:subfield>
  </marc:datafield>
  <marc:datafield tag="653" ind1="\" ind2="\">
    <marc:subfield code="a">masks</marc:subfield>
  </marc:datafield>
  <marc:datafield tag="653" ind1="\" ind2="\">
    <marc:subfield code="a">cultural studies</marc:subfield>
  </marc:datafield>
  <marc:datafield tag="653" ind1="\" ind2="\">
    <marc:subfield code="a">memory</marc:subfield>
  </marc:datafield>
  <marc:datafield tag="653" ind1="\" ind2="\">
    <marc:subfield code="a">magic</marc:subfield>
  </marc:datafield>
  <marc:datafield tag="653" ind1="\" ind2="\">
    <marc:subfield code="a">ritual</marc:subfield>
  </marc:datafield>
  <marc:datafield tag="653" ind1="\" ind2="\">
    <marc:subfield code="a">COVID-19</marc:subfield>
  </marc:datafield>
  <marc:datafield tag="653" ind1="\" ind2="\">
    <marc:subfield code="a">identity</marc:subfield>
  </marc:datafield>
  <marc:datafield tag="653" ind1="\" ind2="\">
    <marc:subfield code="a">metamorphosis</marc:subfield>
  </marc:datafield>
  <marc:datafield tag="653" ind1="\" ind2="\">
    <marc:subfield code="a">persona</marc:subfield>
  </marc:datafield>
  <marc:datafield tag="710" ind1="2" ind2="\">
    <marc:subfield code="a">punctum books,</marc:subfield>
    <marc:subfield code="e">publisher.</marc:subfield>
  </marc:datafield>
  <marc:datafield tag="856" ind1="4" ind2="0">
    <marc:subfield code="u">https://doi.org/10.53288/0453.1.00</marc:subfield>
    <marc:subfield code="z">Connect to e-book</marc:subfield>
  </marc:datafield>
  <marc:datafield tag="856" ind1="4" ind2="2">
    <marc:subfield code="u">https://books.punctumbooks.com/10.53288/0453.1.00_frontcover.jpg</marc:subfield>
    <marc:subfield code="z">Connect to cover image</marc:subfield>
  </marc:datafield>
  <marc:datafield tag="856" ind1="4" ind2="2">
    <marc:subfield code="u">https://creativecommons.org/publicdomain/zero/1.0/</marc:subfield>
    <marc:subfield code="z">CC0 Metadata License</marc:subfield>
  </marc:datafield>
</marc:record>